00560nam a2200169Ia 450000500170000000800410001704000190005804100120007708200250008910000200011424501010013426000450023530000100028065000670029065100230035785000100038020230524133307.0131103s9999 xx 000 0 und d aLoreto College aEnglish aTAG 891.44 bTAG-HAY aHay, Stephen N. aAsian ideas of East and Westb Tagore and his critics in Japan, China and India cStephen N. Hay aCambridgebHavard University Pressc1970 a480p  aTagore, Rabindranath, 1861-1941 - Criticism and Interpretation aBengali Literature aLCLIB